000 01058cam a2200277 a 4500
001 13481469
003 OSt
005 20150121151524.0
008 040205s2003 ie a b 001 0 eng
010 _a 2004380298
016 7 _a1902448839
_2Uk
020 _a1902448839 (pbk.)
040 _aDLC
_cDLC
_dDLC
042 _alccopycat
050 0 0 _aQA11.2
_b.I57 2003
082 0 0 _a510.1
_222
_bINS 2003
245 0 0 _aInside classrooms :
_bthe teaching and learning of mathematics in social context /
_cMaureen Lyons ... [et al.].
260 _aDublin :
_bInstitute of Public Administration,
_c2003.
300 _axvi, 411 p. :
_bill. ;
_c24 cm.
504 _aIncludes bibliographical references (p. 385-402) and index.
650 0 _aMathematics
_xStudy and teaching (Secondary)
_xSocial aspects.
_92589
700 1 _aLyons, Maureen.
_92590
906 _a7
_bcbc
_ccopycat
_d2
_encip
_f20
_gy-gencatlg
942 _2ddc
_cSLOAN
999 _c965
_d965